[Event "DEN-ch cand"]
[Site "Svendborg"]
[Date "2022.04.17"]
[Round "6"]
[White "Lofgren, Claes"]
[Black "Iskos, Lukas"]
[Result "1-0"]
[WhiteElo "2062"]
[BlackElo "2064"]
[PlyCount "141"]
[EventDate "2022.04.10"]
[EventType "swiss"]
[EventRounds "7"]
[EventCountry "DEN"]
[SourceTitle "CBM 207 Extra"]
[Source "ChessBase"]
[SourceDate "2022.05.31"]
[SourceVersion "1"]
[SourceVersionDate "2022.05.31"]
[SourceQuality "1"]

1. d4 d5 2. c4 e6 3. g3 Nf6 4. Bg2 dxc4 5. Qa4+ Bd7 6. Qxc4 Bc6 7. Nf3 Bd5 8. Qd3 c5 9. Nc3 c4 10. Qd1 a6 11. 0-0 b5 12. Nxd5 exd5 13. Ne5 Be7 14. a4 b4 15. Nxc4 Nbd7 16. Ne5 Nxe5 17. dxe5 Ne4 18. Qd3 f5 19. exf6 Nxf6 20. Bg5 Qd6 21. Rad1 Rd8 22. Bxf6 Bxf6 23. Bxd5 Bxb2 24. Bc6+ Ke7 25. Qe4+ Qe5 26. Qxb4+ Kf6 27. Qh4+ Qg5 28. Qxg5+ Kxg5 29. f4+ Kf6 30. e4 Ke7 31. Bd5 Rc8 32. Rf2 Ba3 33. Kg2 Rb8 34. Rc2 Rb2 35. Rxb2 Bxb2 36. Rb1 Rb8 37. Kf3 Rb4 38. Ke2 Ba3 39. Rxb4 Bxb4 40. e5 Bc5 41. Kf3 a5 42. h3 Bb4 43. Ke4 Bd2 44. Bg8 h6 45. Kf5 Be1 46. Kg4 Bf2 47. Kf3 Be1 48. g4 Bh4 49. g5 Be1 50. gxh6 gxh6 51. Ke4 Kf8 52. Bc4 Kg7 53. f5 h5 54. Be2 h4 55. Bh5 Kh6 56. Bg6 Kg5 57. Kd5 Bc3 58. Ke4 Bb2 59. Be8 Bc3 60. Bb5 Bb2 61. Be2 Bc3 62. Bg4 Bb2 63. f6 Kg6 64. Kd5 Kf7 65. Bh5+ Kf8 66. Ke4 Kg8 67. Kf5 Ba3 68. e6 Bf8 69. e7 Bh6 70. f7+ Kh7 71. Bg6+ 1-0

[Event "DEN-ch cand"]
[Site "Svendborg"]
[Date "2022.04.13"]
[Round "2"]
[White "Lofgren, Claes"]
[Black "Wahlgreen, Noah Krug"]
[Result "1-0"]
[WhiteElo "2062"]
[BlackElo "1990"]
[PlyCount "53"]
[EventDate "2022.04.10"]
[EventType "swiss"]
[EventRounds "7"]
[EventCountry "DEN"]
[SourceTitle "CBM 207 Extra"]
[Source "ChessBase"]
[SourceDate "2022.05.31"]
[SourceVersion "1"]
[SourceVersionDate "2022.05.31"]
[SourceQuality "1"]

1. d4 d5 2. c4 c6 3. Nf3 e6 4. e3 Nf6 5. Nc3 Nbd7 6. Bd3 dxc4 7. Bxc4 b5 8. Bd3 Bb7 9. 0-0 a6 10. e4 c5 11. e5 Nd5 12. Bg5 Qb6 13. Rc1 h6 14. Bh4 cxd4 15. Nxd5 Bxd5 16. Bb1 Bc5 17. Qd3 Nb8 18. b4 Bc4 19. bxc5 Qa7 20. Qxd4 Nc6 21. Qd6 Bd5 22. Rfd1 Qb7 23. Rxd5 g5 24. Rdd1 Rd8 25. Be4 Rxd6 26. cxd6 0-0 27. Bxc6 1-0

[Event "EUR-chT Seniors 65"]
[Site "Mali Losinj"]
[Date "2019.09.21"]
[Round "4.4"]
[White "Huss, Andreas"]
[Black "Lofgren, Claes"]
[Result "1/2-1/2"]
[WhiteElo "2261"]
[BlackElo "2059"]
[PlyCount "160"]
[EventDate "2019.09.18"]
[EventType "team-swiss"]
[EventRounds "9"]
[EventCountry "CRO"]
[SourceTitle "EXT 2020"]
[Source "ChessBase"]
[SourceDate "2019.10.17"]
[SourceVersion "1"]
[SourceVersionDate "2019.10.17"]
[SourceQuality "1"]
[WhiteTeam "Switzerland 65"]
[BlackTeam "Roskilde Skive 65"]
[WhiteTeamCountry "SUI"]
[BlackTeamCountry "DEN"]

1. d4 Nf6 2. c4 e6 3. Nf3 b6 4. Nc3 Bb4 5. Qc2 Bb7 6. a3 Bxc3+ 7. Qxc3 Ne4 8. Qc2 f5 9. e3 0-0 10. Bd3 d6 11. b4 Nd7 12. Bb2 Qe7 13. 0-0 Rae8 14. Rae1 Ndf6 15. Nd2 Nxd2 16. Qxd2 g6 17. f3 Rf7 18. Qc3 Ref8 19. a4 h6 20. Ra1 Kh7 21. a5 Nd7 22. axb6 axb6 23. Ra7 Rb8 24. c5 Nf6 25. Rc1 Nd5 26. Qd2 Qg5 27. c6 Bc8 28. Re1 Qd8 29. b5 Nf6 30. e4 fxe4 31. fxe4 e5 32. dxe5 dxe5 33. Rf1 Be6 34. Bxe5 Rc8 35. h3 Nxe4 36. Rxf7+ Bxf7 37. Qf4 Ng5 38. Bc2 Qe7 39. Kh2 Ne6 40. Qg3 Qb4 41. Bxc7 Nxc7 42. Rxc7 Rxc7 43. Qxc7 Kg8 44. Qb8+ Kh7 45. Bd3 Qc5 46. Qf4 Kg7 47. Qg3 Qc3 48. c7 Qc5 49. Be4 Kf6 50. Bc6 Be6 51. Qf4+ Kg7 52. h4 Bc8 53. Qg3 Qd4 54. Bf3 Kf6 55. Be2 g5 56. hxg5+ hxg5 57. Qf3+ Kg7 58. g3 Qe5 59. Qh5 Qxc7 60. Qxg5+ Kf8 61. Qf6+ Kg8 62. Bd3 Qc5 63. Bg6 Qc7 64. Be4 Qc5 65. Qg6+ Kf8 66. Qf6+ Kg8 67. Qd8+ Kg7 68. Qd5 Qxd5 69. Bxd5 Kf6 70. Bc6 Bf5 71. Kg2 Bd3 72. Kf3 Kg5 73. Bd7 Kf6 74. Ke3 Bf1 75. Kf4 Ke7 76. Bc6 Kf6 77. g4 Be2 78. g5+ Kg6 79. Be8+ Kg7 80. Ke5 Bf1 1/2-1/2

[Event "Politiken Cup 37th"]
[Site "Helsingor"]
[Date "2015.07.29"]
[Round "6"]
[White "Lofgren, Claes"]
[Black "Strachan, Christian C"]
[Result "1/2-1/2"]
[WhiteElo "2102"]
[BlackElo "1884"]
[PlyCount "49"]
[EventDate "2015.07.25"]
[EventType "swiss"]
[EventRounds "10"]
[EventCountry "DEN"]
[SourceTitle "CBM 167 Extra"]
[Source "ChessBase"]
[SourceDate "2015.09.14"]
[SourceVersion "1"]
[SourceVersionDate "2015.09.14"]
[SourceQuality "1"]

1. d4 d5 2. c4 c6 3. e3 Nf6 4. Nf3 a6 5. Nc3 Bf5 6. Bd3 Bxd3 7. Qxd3 e6 8. 0-0 Nbd7 9. e4 dxe4 10. Nxe4 Be7 11. b3 0-0 12. Bb2 Qc7 13. Rad1 Rad8 14. Nxf6+ Nxf6 15. Qe2 Qa5 16. Ba1 Qh5 17. Rd3 Bd6 18. h3 Rfe8 19. Rfd1 Bc7 20. Kf1 Qf5 21. Ne5 Qf4 22. g3 Qe4 23. Qxe4 Nxe4 24. Ke2 f6 25. Nf3 1/2-1/2

[Event "Politiken Cup 37th"]
[Site "Helsingor"]
[Date "2015.07.26"]
[Round "3"]
[White "Jacobsen, Heidrikur Tindskar"]
[Black "Lofgren, Claes"]
[Result "1-0"]
[WhiteElo "1902"]
[BlackElo "2102"]
[PlyCount "103"]
[EventDate "2015.07.25"]
[EventType "swiss"]
[EventRounds "10"]
[EventCountry "DEN"]
[SourceTitle "CBM 167 Extra"]
[Source "ChessBase"]
[SourceDate "2015.09.14"]
[SourceVersion "1"]
[SourceVersionDate "2015.09.14"]
[SourceQuality "1"]

1. Nc3 d5 2. e4 d4 3. Nce2 e5 4. Ng3 Be6 5. Bb5+ c6 6. Ba4 f6 7. Bb3 Bxb3 8. axb3 d3 9. c3 Qd7 10. Nh3 c5 11. f4 Nc6 12. 0-0 0-0-0 13. f5 g6 14. Rf3 Nh6 15. Nf2 gxf5 16. Nxf5 Nxf5 17. Rxf5 Rg8 18. Rf3 Qf7 19. Rxd3 Rxd3 20. Nxd3 c4 21. bxc4 Qxc4 22. Qf3 Kb8 23. Nf2 Bc5 24. d3 Qb3 25. Qe2 Rd8 26. Bh6 a6 27. Rd1 Rd7 28. Rd2 a5 29. Be3 Qb6 30. Bxc5 Qxc5 31. Qg4 Rd8 32. Qf5 Qe3 33. Rd1 Rxd3 34. Rf1 Rd2 35. Qxh7 Rxb2 36. Qh8+ Ka7 37. Qxf6 Qxc3 38. h4 a4 39. h5 a3 40. h6 a2 41. h7 Rb1 42. Rxb1 axb1Q+ 43. Kh2 Nd4 44. Qh4 Ne2 45. Nh3 Qe3 46. h8Q Qexe4 47. Qxe4 Qxe4 48. Qd8 Qd4 49. Qa5+ Kb8 50. Qb5 Nf4 51. Qb3 Qf2 52. Nxf2 1-0

[Event "EU-chT Seniors"]
[Site "Vienna"]
[Date "2015.07.17"]
[Round "6.18"]
[White "James, David J"]
[Black "Lofgren, Claes"]
[Result "1/2-1/2"]
[WhiteElo "2154"]
[BlackElo "2102"]
[PlyCount "25"]
[EventDate "2015.07.12"]
[EventType "team-swiss"]
[EventRounds "9"]
[EventCountry "AUT"]
[SourceTitle "EXT 2018"]
[Source "ChessBase"]
[SourceDate "2017.10.13"]
[SourceVersion "1"]
[SourceVersionDate "2017.10.13"]
[SourceQuality "1"]
[WhiteTeam "Gwent Wales"]
[BlackTeam "Denmark"]
[WhiteTeamCountry "WLS"]
[BlackTeamCountry "DEN"]

1. d4 Nf6 2. Nf3 e6 3. c4 b6 4. Nc3 Bb7 5. e3 Bb4 6. Qb3 c5 7. Be2 Ne4 8. 0-0 Bxc3 9. bxc3 0-0 10. d5 d6 11. Bd3 f5 12. a4 Qe7 13. Nd2 1/2-1/2

[Event "EU-chT Seniors"]
[Site "Vienna"]
[Date "2015.07.14"]
[Round "3.17"]
[White "Scowen, Roger S"]
[Black "Lofgren, Claes"]
[Result "0-1"]
[WhiteElo "1889"]
[BlackElo "2102"]
[PlyCount "20"]
[EventDate "2015.07.12"]
[EventType "team-swiss"]
[EventRounds "9"]
[EventCountry "AUT"]
[SourceTitle "EXT 2018"]
[Source "ChessBase"]
[SourceDate "2017.10.13"]
[SourceVersion "1"]
[SourceVersionDate "2017.10.13"]
[SourceQuality "1"]
[WhiteTeam "England IV"]
[BlackTeam "Denmark"]
[WhiteTeamCountry "ENG"]
[BlackTeamCountry "DEN"]

1. e4 c5 2. Nf3 e6 3. d4 cxd4 4. Nxd4 a6 5. c4 Nf6 6. Bd3 Nc6 7. Nxc6 dxc6 8. Be3 e5 9. h3 Bb4+ 10. Nd2 Qxd3 0-1

[Event "EU-chT Seniors"]
[Site "Vienna"]
[Date "2015.07.13"]
[Round "2.9"]
[White "Lofgren, Claes"]
[Black "Schmidt, Bodo"]
[Result "1-0"]
[WhiteElo "2102"]
[BlackElo "2353"]
[PlyCount "85"]
[EventDate "2015.07.12"]
[EventType "team-swiss"]
[EventRounds "9"]
[EventCountry "AUT"]
[SourceTitle "EXT 2018"]
[Source "ChessBase"]
[SourceDate "2017.10.13"]
[SourceVersion "1"]
[SourceVersionDate "2017.10.13"]
[SourceQuality "1"]
[WhiteTeam "Denmark"]
[BlackTeam "Germany"]
[WhiteTeamCountry "DEN"]
[BlackTeamCountry "GER"]

1. d4 d5 2. c4 c6 3. Nf3 Nf6 4. e3 Bf5 5. Nc3 e6 6. Bd3 Bxd3 7. Qxd3 Nbd7 8. 0-0 Bb4 9. Bd2 Ba5 10. Rab1 0-0 11. b4 Bc7 12. e4 h6 13. cxd5 cxd5 14. e5 Nh7 15. Na4 Nb6 16. Nc5 Qc8 17. b5 Nc4 18. Bb4 Bb6 19. Rfc1 Rd8 20. Nd2 Nxd2 21. Qxd2 Nf8 22. Rb3 Bxc5 23. Rxc5 Qd7 24. Qc2 Rac8 25. Rbc3 Rxc5 26. Rxc5 Qe8 27. a4 a6 28. Rc7 axb5 29. a5 Rb8 30. g3 Nd7 31. Bd6 Ra8 32. Qc3 f5 33. Rxb7 Nb8 34. Qc7 Qg6 35. Rxb8+ Rxb8 36. Qxb8+ Kh7 37. Qxb5 f4 38. Qe2 Qb1+ 39. Kg2 Qa1 40. Qd3+ g6 41. a6 f3+ 42. Kxf3 Qh1+ 43. Ke2 1-0

[Event "Politiken Cup 35th"]
[Site "Helsingor"]
[Date "2013.07.29"]
[Round "4"]
[White "Lofgren, Claes"]
[Black "Knudsen, Jes West"]
[Result "0-1"]
[WhiteElo "2127"]
[BlackElo "1886"]
[PlyCount "42"]
[EventDate "2013.07.27"]
[EventType "swiss"]
[EventRounds "10"]
[EventCountry "DEN"]
[SourceTitle "CBM 155 Extra"]
[Source "ChessBase"]
[SourceDate "2013.08.26"]
[SourceVersion "1"]
[SourceVersionDate "2013.08.26"]
[SourceQuality "1"]

1. d4 d6 2. Nf3 f5 3. c4 Nf6 4. g3 g6 5. Bg2 Bg7 6. 0-0 0-0 7. Nc3 Nc6 8. d5 Ne5 9. Nxe5 dxe5 10. e4 f4 11. Qe2 g5 12. f3 fxg3 13. hxg3 Nh5 14. Kh2 Qd6 15. f4 Nxg3 16. Kxg3 exf4+ 17. Kf2 f3 18. Bxf3 g4 19. Kg2 Qg6 20. Kh1 gxf3 21. Qh2 Be5 0-1

[Event "Politiken Cup 35th"]
[Site "Helsingor"]
[Date "2013.07.28"]
[Round "3"]
[White "Kristensen, Bjarke Hautop"]
[Black "Lofgren, Claes"]
[Result "1/2-1/2"]
[WhiteElo "1921"]
[BlackElo "2127"]
[PlyCount "82"]
[EventDate "2013.07.27"]
[EventType "swiss"]
[EventRounds "10"]
[EventCountry "DEN"]
[SourceTitle "CBM 155 Extra"]
[Source "ChessBase"]
[SourceDate "2013.08.26"]
[SourceVersion "1"]
[SourceVersionDate "2013.08.26"]
[SourceQuality "1"]

1. c4 e5 2. g3 Nc6 3. Nc3 g6 4. Bg2 Bg7 5. e3 Nge7 6. Nge2 0-0 7. 0-0 d6 8. b3 Bd7 9. Bb2 Qc8 10. Re1 f5 11. d4 g5 12. dxe5 dxe5 13. f4 gxf4 14. exf4 e4 15. a3 Be6 16. Qc2 Nd4 17. Nxd4 Bxd4+ 18. Kh1 c5 19. Rad1 Nc6 20. Ne2 Rd8 21. Bh3 Qc7 22. Nc3 Qf7 23. Bf1 Qg7 24. Bh3 Re8 25. Re2 Rad8 26. Red2 Rd7 27. Kg2 Qf6 28. Kh1 Red8 29. Bg2 h5 30. h4 Bxc3 31. Rxd7 Bxb2 32. Rxd8+ Nxd8 33. Rxd8+ Qxd8 34. Qxb2 Qd4 35. Qe2 Bf7 36. Kh2 Kg7 37. Qc2 Kf6 38. Bf1 Be8 39. Be2 Qf2+ 40. Kh3 Qd4 41. Qd1 Qxd1 1/2-1/2

[Event "Politiken Cup 34th"]
[Site "Helsingor"]
[Date "2012.08.03"]
[Round "8"]
[White "Lofgren, Claes"]
[Black "Karlsson, Robin"]
[Result "1/2-1/2"]
[WhiteElo "2111"]
[BlackElo "1978"]
[PlyCount "71"]
[EventDate "2012.07.28"]
[EventType "swiss"]
[EventRounds "10"]
[EventCountry "DEN"]
[SourceTitle "CBM 149 Extra"]
[Source "ChessBase"]
[SourceDate "2012.08.24"]
[SourceVersion "1"]
[SourceVersionDate "2012.08.24"]
[SourceQuality "1"]

1. d4 Nf6 2. c4 g6 3. g3 Bg7 4. Bg2 d6 5. Nf3 0-0 6. 0-0 Nc6 7. Nc3 a6 8. h3 Rb8 9. b3 b5 10. cxb5 axb5 11. Bb2 Nd7 12. d5 Nce5 13. Nd4 b4 14. Na4 Nb6 15. Nxb6 Rxb6 16. f4 Nd7 17. Nc6 Qe8 18. Bxg7 Kxg7 19. Qd4+ Kg8 20. Nxb4 e5 21. dxe6 fxe6 22. Qd2 Bb7 23. Bxb7 Rxb7 24. e4 Nc5 25. Rae1 Qb5 26. Nc2 Qb6 27. Kh1 Ra8 28. Nd4 Qb4 29. Qe3 Rxa2 30. f5 e5 31. fxg6 Qd2 32. Rf8+ Kg7 33. Qxd2 Rxd2 34. Ref1 exd4 35. gxh7 Kxh7 36. R8f7+ 1/2-1/2

[Event "Politiken Cup 34th"]
[Site "Helsingor"]
[Date "2012.07.29"]
[Round "3"]
[White "Thogersen, Rasmus"]
[Black "Lofgren, Claes"]
[Result "1/2-1/2"]
[WhiteElo "1885"]
[BlackElo "2111"]
[PlyCount "51"]
[EventDate "2012.07.28"]
[EventType "swiss"]
[EventRounds "10"]
[EventCountry "DEN"]
[SourceTitle "CBM 149 Extra"]
[Source "ChessBase"]
[SourceDate "2012.08.24"]
[SourceVersion "1"]
[SourceVersionDate "2012.08.24"]
[SourceQuality "1"]

1. e4 c5 2. Nf3 e6 3. d4 cxd4 4. Nxd4 a6 5. Nc3 b5 6. Bd3 Bb7 7. 0-0 Nc6 8. Nxc6 Bxc6 9. e5 Qc7 10. Bf4 Ne7 11. Bg3 Ng6 12. Qh5 Qb7 13. f3 Bc5+ 14. Kh1 0-0 15. Ne4 Be7 16. Rad1 Rac8 17. h4 Qc7 18. Rfe1 Qd8 19. Bf4 Bxh4 20. g3 f5 21. exf6 Bxf6 22. Rd2 Nxf4 23. Qxh7+ Kf7 24. Nd6+ Ke7 25. Nf5+ Kf7 26. Nd6+ 1/2-1/2

[Event "Ken Whyld Association clock sim"]
[Site "Braunschweig"]
[Date "2005.06.17"]
[Round "8"]
[White "Schneider, Bernd"]
[Black "Lofgren, Claes"]
[Result "0-1"]
[WhiteElo "2441"]
[BlackElo "2147"]
[PlyCount "96"]
[EventDate "2005.06.17"]
[EventType "simul"]
[EventRounds "1"]
[EventCountry "GER"]
[SourceTitle "EXT 2006"]
[Source "ChessBase"]
[SourceDate "2005.11.24"]
[SourceVersion "1"]
[SourceVersionDate "2005.11.24"]
[SourceQuality "1"]

1. d4 Nf6 2. Nc3 d5 3. Bg5 e6 4. e4 dxe4 5. Nxe4 Be7 6. Bxf6 Bxf6 7. Nf3 0-0 8. c3 b6 9. Bd3 Nd7 10. Qe2 Bb7 11. 0-0-0 Qe7 12. g4 g6 13. h4 c5 14. g5 Bg7 15. h5 cxd4 16. cxd4 e5 17. Rh4 exd4 18. hxg6 hxg6 19. Rdh1 Rfe8 20. Kb1 Nc5 21. Nf6+ Qxf6 22. gxf6 Rxe2 23. Bxe2 Bxf6 24. Rf4 Kg7 25. Rd1 Re8 26. Bb5 Re4 27. Rxf6 Kxf6 28. Nxd4 Rf4 29. Rd2 Ne4 30. Rc2 Rxf2 31. Rc7 Nc5 32. b4 Be4+ 33. Kc1 Nd3+ 34. Bxd3 Bxd3 35. Rxa7 g5 36. Ra3 Be4 37. Re3 Ke5 38. Ne2 Rf3 39. Kd2 f5 40. a4 f4 41. Rxf3 Bxf3 42. Ng1 Bc6 43. a5 bxa5 44. bxa5 Ke4 45. Ke2 g4 46. Kf2 Bb5 47. Ne2 Bxe2 48. Kxe2 Kd5 0-1

[Event "DEN-chT 25th corr"]
[Site "Denmark"]
[Date "2000.??.??"]
[Round "1"]
[White "Laursen, Bjorn"]
[Black "Lofgren, Claes"]
[Result "0-1"]
[WhiteElo "2216"]
[BlackElo "2402"]
[PlyCount "28"]
[EventDate "2000.??.??"]
[EventType "team (corr)"]
[EventRounds "4"]
[EventCountry "DEN"]
[SourceTitle "Corr 2004"]
[Source "ChessBase"]
[SourceDate "2003.04.28"]
[SourceVersion "3"]
[SourceVersionDate "2003.04.28"]
[SourceQuality "1"]

1. d4 Nf6 2. Nc3 d5 3. Bg5 Nbd7 4. Nf3 g6 5. e3 Bg7 6. Bd3 0-0 7. 0-0 c5 8. Re1 b6 9. e4 dxe4 10. Nxe4 Bb7 11. c3 cxd4 12. Nxd4 Nc5 13. Bxf6 exf6 14. Nb3 Nxd3 0-1

[Event "DEN-chT 25th corr"]
[Site "Denmark"]
[Date "2000.??.??"]
[Round "1"]
[White "Lofgren, Claes"]
[Black "Thomsen, Keld"]
[Result "1-0"]
[WhiteElo "2402"]
[BlackElo "2285"]
[PlyCount "63"]
[EventDate "2000.??.??"]
[EventType "team (corr)"]
[EventRounds "4"]
[EventCountry "DEN"]
[SourceTitle "Corr 2004"]
[Source "ChessBase"]
[SourceDate "2003.04.28"]
[SourceVersion "3"]
[SourceVersionDate "2003.04.28"]
[SourceQuality "1"]

1. d4 Nf6 2. c4 g6 3. Nc3 Bg7 4. e4 d6 5. f3 0-0 6. Be3 c5 7. Nge2 b6 8. Qd2 Nc6 9. d5 Ne5 10. Ng3 h5 11. Be2 h4 12. Nf1 Ba6 13. b3 h3 14. gxh3 Qc8 15. f4 Nxc4 16. bxc4 Nxe4 17. Nxe4 Bxa1 18. Nfg3 Qxh3 19. f5 Be5 20. Bh6 Rfe8 21. Bf4 Qh8 22. Bxe5 Qxe5 23. 0-0 Qd4+ 24. Qxd4 cxd4 25. Rd1 d3 26. Bxd3 gxf5 27. Nxf5 Bc8 28. Neg3 Kf8 29. Rf1 Bxf5 30. Nxf5 Rac8 31. h4 Rc7 32. h5 1-0

[Event "DEN-chT 25th corr"]
[Site "Denmark"]
[Date "2000.??.??"]
[Round "1"]
[White "Stald, Flemming"]
[Black "Lofgren, Claes"]
[Result "0-1"]
[WhiteElo "2035"]
[BlackElo "2402"]
[PlyCount "110"]
[EventDate "2000.??.??"]
[EventType "team (corr)"]
[EventRounds "4"]
[EventCountry "DEN"]
[SourceTitle "Corr 2004"]
[Source "ChessBase"]
[SourceDate "2003.04.28"]
[SourceVersion "3"]
[SourceVersionDate "2003.04.28"]
[SourceQuality "1"]

1. e4 c5 2. Nf3 e6 3. d4 cxd4 4. Nxd4 a6 5. Nc3 Qc7 6. Bd3 Nf6 7. 0-0 Be7 8. Qe2 d6 9. Rd1 0-0 10. a4 b6 11. Be3 Nbd7 12. Qf3 Bb7 13. Qg3 Rfd8 14. a5 b5 15. f3 Nc5 16. Rdc1 Rac8 17. b4 Nxd3 18. cxd3 Qb8 19. Rab1 Rd7 20. f4 Rdc7 21. Rb3 Nd7 22. Qe1 Bf6 23. Qd2 e5 24. Nf5 d5 25. fxe5 Nxe5 26. Bb6 Rd7 27. Nxd5 Bxd5 28. exd5 Rxd5 29. Rxc8+ Qxc8 30. Ne3 Rd6 31. Bc5 Rd8 32. d4 Bg5 33. Qc3 Bxe3+ 34. Qxe3 Ng4 35. Qd2 Nf6 36. Re3 Nd5 37. Re4 Re8 38. Qe1 Rxe4 39. Qxe4 Qd7 40. h3 h6 41. Qe5 f6 42. Qe4 Kf7 43. Kf2 Qe6 44. Kf3 h5 45. h4 Qxe4+ 46. Kxe4 Ke6 47. g3 g5 48. hxg5 fxg5 49. Bf8 h4 50. gxh4 gxh4 51. Kf3 h3 52. Kg3 Nf4 53. Bh6 Ne2+ 54. Kxh3 Nxd4 55. Kg4 Kd5 0-1